Estatísticas para Todas as Músicas da Luísa Sonza

Clique aqui para jogar o quiz

Estatísticas Gerais

  • Esse quiz foi jogado 177 vezes
  • A pontuação média é 26 de 54

Estatísticas das Respostas

AlbumMúsica% Correto
DOCE 22 (Ft. Pabllo Vittar e Anitta)MODO TURBO
87%
Single (Ft. Pabllo Vittar e Anitta)Modo Turbo
87%
DOCE 22caos / flor ***
85%
DOCE 22 (Ft. Marília Mendonça)melhor sozinha :-)-:
85%
DOCE 22penhasco.
84%
DOCE 22 (Ft. Mariah Angeliq)ANACONDA *o* ~~~
82%
DOCE 22 (Ft. Ludmilla)CAFÉ DA MANHÃ ;P
82%
Single (Ft. Vitão)Flores
82%
Single (Ft. Baco Exu do Blues)Hotel Caro
80%
DOCE 22 (Ft. 6LACK)VIP *-*
77%
Single (Ft. Pedro Sampaio)ATENÇÃO
75%
DOCE 22 (Ft. Jão)fugitivos :)
72%
DOCE 22INTERE$$EIRA
72%
SingleBoa Menina
70%
Pandora (Ft. Pabllo Vittar)Garupa
70%
Single (Ft. Anitta, Lexa e Rebecca)Combatchy
68%
DOCE 22MULHER DO ANO XD
68%
SingleBRABA
64%
Single (Ft. Luan Santana)CORAÇÃO CIGANO
63%
DOCE 222000 s2
59%
SingleCACHORRINHAS
59%
Luísa SonzaOlhos Castanhos
59%
Single (Ft. ZAAC)Toma
53%
Pandora (Ft. Vitão)Bomba Relógio
52%
Single (Ft. Carol Biazin)Tentação
47%
PandoraEliane
45%
SingleDevagarinho
44%
DOCE 22INTERlude :(
42%
Luísa SonzaRebolar
42%
Single (Ft. Leo Santana)Século 21
40%
Single (Ft. Xamã e Gustah)Câncer
39%
Pandora (Ft. Gaab)Fazendo Assim
39%
Luísa SonzaGood Vibes
39%
Single (Ft. Dilsinho e Malibu)Não Vai Embora
39%
Single (Ft. Lexa)Quebrar Seu Coração
38%
Single (Ft. Heavy Baile)Cavalgada
31%
DOCE 22o conto dos dois mundos (hipocrisia)
31%
Single (Ft. PK)Tudo de Bom
31%
Single (Ft. Thiaguinho)Cansar Você
30%
Single (Ft. Katy Perry e Bruno Martini)Cry About It Later
29%
PandoraApenas Eu
28%
PandoraNão Vou Mais Parar
26%
SingleNão Vou Mais Parar
26%
SingleNunca Foi Sorte
25%
DOCE 22 (Ft. Lulu Santos)também não sei de nada :D
23%
Single (Ft. Rennan da Penha e 3030)Joga pra Mim
22%
Single (Ft. As Baías)Quarto Andar
22%
PandoraSaudade Da Gente
21%
Single (Ft. Danna Paola e Aitana)Friend de Semana
20%
Single (Ft. Bruno Martini e Diarra Sylla)Ain't Worried
18%
Luísa SonzaNão Preciso De Você Pra Nada
15%
Luísa SonzaO Meu Sabor
12%
Single (Ft. Heavy Baile)The Weekend
8%
PandoraPior Que Eu Possa Imaginar
5%

Distribuição das Pontuações

Percentil de Números Respondidos

Porcentagem de Pessoas com Cada Pontuação

Sua Pontuação Histórica

Você não jogou esse quiz